000 00443nam a2200181Ia 4500
003 GCL
008 140319s9999 xx 000 0 eng d
040 _aGCL /
_cGCL
082 0 4 _a937.02
_bG E
100 1 _aGRIMAL, PIERRE
245 1 0 _aLE MPIRE ROMAIN /
_cGRIMAL, PIERRE
260 _a[S.N] :
_bFALLOIS ،
_c1993
300 _a224 P
490 _aLE LIVRE DE POCHE
_v0
650 0 4 _aHISTORY
650 0 4 _aEMPIRE ROMAIN
942 _2ddc
_cBK
999 _c10762
_d10762